[Event "WORLD YOUTH CHESS CHAMPIONSHIP 2009 (14"]
[Site "?"]
[Date "2009.11.13"]
[Round "2.1"]
[White "Cori, Jorge"]
[Black "Kowsarinia, Amir"]
[Result "1-0"]
[WhiteElo "2462"]
[BlackElo "2095"]
[PlyCount "83"]
[EventDate "2009.11.12"]

1. e4 c5 2. Nf3 Nc6 3. d4 cxd4 4. Nxd4 Nf6 5. Nc3 e5 6. Ndb5 d6 7. Bg5 a6 8.
Na3 b5 9. Nd5 Qa5+ 10. Bd2 Qd8 11. c4 Nxe4 12. cxb5 Be6 13. Bc4 Na5 14. b6 Nxc4
15. Qa4+ Qd7 16. Nc7+ Ke7 17. Qxd7+ Kxd7 18. Nxc4 Rb8 19. Nxa6 Rb7 20. Rc1 Nxd2
21. Kxd2 g6 22. Rc3 f6 23. Rd1 d5 24. Ke2 d4 25. b3 Be7 26. Nc7 Bf7 27. a4 Rhb8
28. Nb5 Rc8 29. a5 Ra8 30. Na7 Bb4 31. Rc2 Bxc4+ 32. bxc4 Bc5 33. f3 f5 34. Kd3
Re8 35. Re2 Kd6 36. Rde1 Rbe7 37. Nb5+ Kc6 38. Nc7 Bb4 39. Nxe8 Bxe1 40. Rxe1
Rxe8 41. Rb1 Kc5 42. Rb5+ 1-0

[Event "WORLD YOUTH CHESS CHAMPIONSHIP 2009 (14"]
[Site "?"]
[Date "2009.11.13"]
[Round "2.3"]
[White "Bok, Benjamin"]
[Black "Javanbakht, Nima"]
[Result "1/2-1/2"]
[WhiteElo "2337"]
[BlackElo "2086"]
[PlyCount "120"]
[EventDate "2009.11.12"]

1. e4 c5 2. Nf3 Nc6 3. Bb5 d6 4. Bxc6+ bxc6 5. O-O Bg4 6. h3 Bh5 7. d3 e5 8.
Re1 Nf6 9. Nbd2 Be7 10. Nf1 O-O 11. Ng3 Bg6 12. Nh4 Ne8 13. Nhf5 Bg5 14. Qg4
Bxc1 15. Raxc1 Nf6 16. Qf3 Bxf5 17. Nxf5 g6 18. Ng3 Kg7 19. Qe3 Nd7 20. Rf1 Qa5
21. a3 Rfb8 22. Qg5 f6 23. Qg4 Qc7 24. b3 Rh8 25. f4 Raf8 26. Kh1 h5 27. Qf3 h4
28. Ne2 f5 29. Qe3 Qd8 30. fxe5 dxe5 31. b4 f4 32. Qf2 Qb6 33. bxc5 Qxc5 34. d4
Qe7 35. dxe5 Nxe5 36. Qd4 c5 37. Qc3 g5 38. Ng1 Kg6 39. Nf3 Nxf3 40. Qxf3 Qe5
41. Rcd1 Rd8 42. Rd5 Rxd5 43. exd5 c4 44. d6 Rd8 45. Qc6 Rxd6 46. Qxc4 Qd5 47.
Qc8 Qe6 48. Qc3 Rc6 49. Qd3+ Qf5 50. Qd8 Rc8 51. Qd6+ Kh5 52. Qd1+ Kh6 53. Re1
f3 54. Qxf3 Qxf3 55. gxf3 Rxc2 56. Re6+ Kg7 57. Ra6 Rf2 58. Rxa7+ Kg6 59. Ra5
Rxf3 60. Kg2 Rg3+ 1/2-1/2

[Event "WORLD YOUTH CHESS CHAMPIONSHIP 2009 (14"]
[Site "?"]
[Date "2009.11.13"]
[Round "2.4"]
[White "Emiroglu, Cankut"]
[Black "Pardo Simon, David"]
[Result "0-1"]
[WhiteElo "2081"]
[BlackElo "2334"]
[PlyCount "84"]
[EventDate "2009.11.12"]

1. e4 c5 2. Nf3 e6 3. d4 cxd4 4. Nxd4 a6 5. Bd3 Qc7 6. O-O Nf6 7. Qe2 d6 8. c4
Nbd7 9. Nc3 b6 10. b3 Bb7 11. Bb2 Be7 12. Rae1 O-O 13. Kh1 Rfe8 14. f4 e5 15.
Nf5 Bf8 16. Qf2 g6 17. Ng3 exf4 18. Qxf4 Bg7 19. Bb1 Ne5 20. Qh4 Qe7 21. Re2
Rad8 22. Bc1 h6 23. Bxh6 Bxh6 24. Qxh6 Nfg4 25. Qf4 Qh4 26. h3 Re6 27. Kg1 Rf6
28. Nf5 gxf5 29. exf5 Rh6 30. Be4 Bxe4 31. Nxe4 Kh7 32. hxg4 Nd3 33. Qxh6+ Qxh6
34. g5 Qh5 35. Re3 Qg4 36. Rff3 Nf4 37. Ng3 d5 38. cxd5 Rxd5 39. Re8 Kg7 40.
Rxf4 Qxg3 41. f6+ Kh7 42. g6+ Qxg6 0-1

[Event "WORLD YOUTH CHESS CHAMPIONSHIP 2009 (14"]
[Site "?"]
[Date "2009.11.13"]
[Round "2.5"]
[White "Andersen, Mads"]
[Black "Rindlisbacher, Lars"]
[Result "0-1"]
[WhiteElo "2294"]
[BlackElo "2078"]
[PlyCount "72"]
[EventDate "2009.11.12"]

1. e4 c5 2. Nf3 e6 3. d4 cxd4 4. Nxd4 Nc6 5. Nc3 d6 6. Be2 Nf6 7. O-O Be7 8.
Be3 O-O 9. f4 e5 10. Nb3 exf4 11. Bxf4 Be6 12. Qe1 Ng4 13. Bxg4 Bxg4 14. Qg3
Bh5 15. Nd5 Bh4 16. Qe3 Ne7 17. Nd4 Nxd5 18. exd5 Bg6 19. c3 Qd7 20. Qd2 Rfe8
21. Nf3 Bd8 22. Rae1 Bb6+ 23. Kh1 h6 24. h3 Be4 25. Kh2 Qb5 26. Bxd6 Bxd5 27.
b3 Qc6 28. Bg3 Rxe1 29. Bxe1 Bc7+ 30. Kh1 Rd8 31. Qf2 Re8 32. Nd4 Qd6 33. Qg1
Re3 34. Nf3 Qe5 35. Bf2 Rxf3 36. Re1 Rxh3+ 0-1

[Event "WORLD YOUTH CHESS CHAMPIONSHIP 2009 (14"]
[Site "?"]
[Date "2009.11.13"]
[Round "2.6"]
[White "Sattarov, Bobur"]
[Black "Dragun, Kamil"]
[Result "1/2-1/2"]
[WhiteElo "2069"]
[BlackElo "2284"]
[PlyCount "64"]
[EventDate "2009.11.12"]

1. e4 c5 2. Nf3 d6 3. d3 g6 4. g3 Bg7 5. Bg2 Nc6 6. O-O Nf6 7. c3 O-O 8. Be3 c4
9. Na3 cxd3 10. Qxd3 Be6 11. Nd4 Bd7 12. h3 Qa5 13. f4 Nxd4 14. cxd4 d5 15.
exd5 Rac8 16. Nc4 Qa6 17. b3 Bf5 18. Qd1 Rfd8 19. g4 Be4 20. Bxe4 Nxe4 21. Qf3
Nd6 22. Nxd6 Qxd6 23. Rac1 Rxc1 24. Rxc1 Bf8 25. Rc5 Qa6 26. Qf2 b6 27. Rc4
Rxd5 28. f5 Rd8 29. fxg6 hxg6 30. Bg5 Rc8 31. Rxc8 Qxc8 32. Qe2 Qd7 1/2-1/2

[Event "WORLD YOUTH CHESS CHAMPIONSHIP 2009 (14"]
[Site "?"]
[Date "2009.11.13"]
[Round "2.7"]
[White "Doros, Radu-Marian"]
[Black "Ismailov, Mukhit"]
[Result "1/2-1/2"]
[WhiteElo "2260"]
[BlackElo "2067"]
[PlyCount "39"]
[EventDate "2009.11.12"]

1. e4 c5 2. Nf3 e6 3. d4 cxd4 4. Nxd4 a6 5. Be2 Nf6 6. Nc3 Qc7 7. O-O d6 8. f4
Nbd7 9. Bf3 Rb8 10. a4 b6 11. g4 h6 12. Bg2 Bb7 13. g5 hxg5 14. fxg5 d5 15. e5
Bc5 16. gxf6 Qxe5 17. Nce2 Qxh2+ 18. Kf2 Qh4+ 19. Kg1 Qh2+ 20. Kf2 1/2-1/2

[Event "WORLD YOUTH CHESS CHAMPIONSHIP 2009 (14"]
[Site "?"]
[Date "2009.11.13"]
[Round "2.8"]
[White "Gabuzyan, Hovhannes"]
[Black "Rozovsky, Daniel"]
[Result "1-0"]
[WhiteElo "2226"]
[BlackElo "2058"]
[PlyCount "57"]
[EventDate "2009.11.12"]

1. c4 e6 2. Nf3 Nf6 3. g3 d5 4. b3 Bd6 5. Bg2 c6 6. O-O O-O 7. d4 Nbd7 8. Nc3
dxc4 9. bxc4 e5 10. e3 Re8 11. Qb3 Qc7 12. Rd1 exd4 13. exd4 Nf8 14. c5 Be7 15.
Bf4 Qa5 16. Rac1 Ng6 17. Ne5 Nxe5 18. Bxe5 Ng4 19. Bf4 Nf6 20. Re1 Qd8 21. Rcd1
Nh5 22. Be5 g6 23. d5 Bg4 24. dxc6 Bxd1 25. Rxd1 Qa5 26. cxb7 Rad8 27. Rxd8
Rxd8 28. b8=Q Rxb8 29. Qxb8+ 1-0

[Event "WORLD YOUTH CHESS CHAMPIONSHIP 2009 (14"]
[Site "?"]
[Date "2009.11.13"]
[Round "2.9"]
[White "Sahoo, Utkal Ranjan"]
[Black "Rubes, Jan"]
[Result "1-0"]
[WhiteElo "2219"]
[BlackElo "2047"]
[PlyCount "119"]
[EventDate "2009.11.12"]

1. e4 e5 2. Nf3 Nc6 3. Bb5 a6 4. Ba4 Nf6 5. d3 b5 6. Bb3 Be7 7. Nbd2 d6 8. c3
O-O 9. Nf1 Na5 10. Bc2 c5 11. Ng3 Qc7 12. O-O Nc6 13. h3 d5 14. Nh2 d4 15. f4
exf4 16. Bxf4 Bd6 17. Bxd6 Qxd6 18. Nh5 Nxh5 19. Qxh5 dxc3 20. bxc3 Be6 21. Nf3
h6 22. Rfd1 Rac8 23. Bb3 Ne7 24. Bxe6 Qxe6 25. Qe5 Qd7 26. a3 Ng6 27. Qg3 Qe6
28. h4 Qb3 29. h5 Ne7 30. Qd6 Rfe8 31. Qxa6 Ra8 32. Qb6 c4 33. Rab1 Qxc3 34.
Qxb5 Rec8 35. Rbc1 Qxa3 36. Rxc4 Rxc4 37. Qxc4 Rc8 38. Qd4 Qa5 39. Qe5 Qa4 40.
Rf1 Qa7+ 41. d4 Nc6 42. Qf5 Ne7 43. Qe5 Rf8 44. Kh1 Nc8 45. Qf4 Qa6 46. Ne5 Nd6
47. Kg1 Qb6 48. Nf3 Nb5 49. Qe5 Nc3 50. Kh2 Qa6 51. Re1 Qd3 52. d5 Ra8 53. Nh4
Qd2 54. Nf5 f6 55. Qg3 g5 56. hxg6 Ne2 57. Ra1 Re8 58. Qc7 Qf4+ 59. Qxf4 Nxf4
60. Ra7 1-0

[Event "WORLD YOUTH CHESS CHAMPIONSHIP 2009 (14"]
[Site "?"]
[Date "2009.11.13"]
[Round "2.10"]
[White "Grigoryan, Karen H"]
[Black "Makhmutov, Rail"]
[Result "1-0"]
[WhiteElo "2211"]
[BlackElo "2036"]
[PlyCount "67"]
[EventDate "2009.11.12"]

1. d4 Nf6 2. g3 e6 3. c4 Bb4+ 4. Bd2 Bxd2+ 5. Qxd2 O-O 6. Bg2 d6 7. Nf3 Nbd7 8.
Nc3 e5 9. O-O exd4 10. Nxd4 Re8 11. Rfd1 Nc5 12. b4 Nce4 13. Qc2 Nxc3 14. Qxc3
Ne4 15. Qc2 Ng5 16. c5 Nh3+ 17. Bxh3 Bxh3 18. cxd6 Qxd6 19. Qc5 Qg6 20. f3 h5
21. Qxc7 Re3 22. Qxb7 Rae8 23. Qc7 Qh6 24. Qf4 g5 25. Qc7 Qf6 26. Rac1 Rxe2 27.
Nxe2 Qxf3 28. Qc6 Re4 29. Nf4 Qe3+ 30. Kh1 Qf3+ 31. Kg1 Qe3+ 32. Kh1 Qf3+ 33.
Kg1 gxf4 34. Qc2 1-0

[Event "WORLD YOUTH CHESS CHAMPIONSHIP 2009 (14"]
[Site "?"]
[Date "2009.11.13"]
[Round "2.11"]
[White "Buyukasik, Diyap"]
[Black "Tejas, Ravichandran"]
[Result "0-1"]
[WhiteElo "2063"]
[BlackElo "2203"]
[PlyCount "103"]
[EventDate "2009.11.12"]

1. d4 Nf6 2. c4 e6 3. Nc3 Bb4 4. Qc2 Nc6 5. Nf3 d6 6. e3 O-O 7. Bd3 e5 8. d5
Ne7 9. O-O c6 10. dxc6 bxc6 11. Rd1 Bg4 12. Be2 Bxc3 13. Qxc3 e4 14. Nd4 c5 15.
Bxg4 cxd4 16. Qxd4 Nxg4 17. Qxe4 Nf6 18. Qf3 Qa5 19. e4 Nc6 20. Bf4 Ne5 21. Qe2
Qc5 22. b3 a5 23. Be3 Qc6 24. f3 a4 25. Rac1 axb3 26. axb3 Rfb8 27. Rc3 Ra3 28.
c5 Raxb3 29. Rxb3 Rxb3 30. Rxd6 Qc7 31. Qd1 Rb8 32. Qd4 Nc6 33. Qa4 Rc8 34. Qb5
Ne8 35. Rd1 h6 36. h3 Qa5 37. Qc4 Nc7 38. f4 Qb4 39. Qc2 Ne6 40. f5 Ng5 41.
Bxg5 hxg5 42. Qc1 g4 43. f6 Qxe4 44. Qg5 Qg6 45. Qxg6 fxg6 46. fxg7 gxh3 47.
gxh3 Kxg7 48. Rd7+ Kh6 49. Kg2 Na5 50. Rd5 Nb3 51. Rd3 Nxc5 52. Ra3 0-1

[Event "WORLD YOUTH CHESS CHAMPIONSHIP 2009 (14"]
[Site "?"]
[Date "2009.11.13"]
[Round "2.12"]
[White "Adelberg, David"]
[Black "Marjanovic, Dejan"]
[Result "1/2-1/2"]
[WhiteElo "2201"]
[BlackElo "2032"]
[PlyCount "102"]
[EventDate "2009.11.12"]

1. d4 Nf6 2. c4 g6 3. Nf3 Bg7 4. g3 O-O 5. Bg2 d5 6. cxd5 Nxd5 7. O-O Nb6 8.
Nc3 Nc6 9. e3 Re8 10. d5 Ne5 11. Nd4 Nec4 12. Re1 Rb8 13. b3 Nd6 14. Bb2 e5 15.
dxe6 Bxe6 16. Nxe6 Rxe6 17. Qc2 c6 18. Rad1 Qc7 19. a4 a5 20. Ba3 Rd8 21. Bh3
f5 22. Re2 Bxc3 23. Qxc3 Ne4 24. Rxd8+ Qxd8 25. Qxa5 Qd1+ 26. Bf1 Qxb3 27. Rb2
Qxa3 28. Qxb6 Re7 29. Bc4+ Kg7 30. Rb1 Qd6 31. Qb2+ Kh6 32. Qh8 Rd7 33. Kg2 Nd2
34. Rd1 b5 35. axb5 cxb5 36. Be2 b4 37. Bf3 b3 38. h4 Rd8 39. Qb2 Qb4 40. h5
Nc4 41. Qf6 Rxd1 42. hxg6 Qd6 43. Qh4+ Kxg6 44. Qh5+ Kf6 45. Qh6+ Ke7 46. Qxh7+
Ke8 47. Qg8+ Kd7 48. Qf7+ Kd8 49. Qg8+ Ke7 50. Qg7+ Ke6 51. Qg8+ Ke5 1/2-1/2

[Event "WORLD YOUTH CHESS CHAMPIONSHIP 2009 (14"]
[Site "?"]
[Date "2009.11.13"]
[Round "2.13"]
[White "Borisenko, Vjacheslav"]
[Black "Beradze, Irakli"]
[Result "1/2-1/2"]
[WhiteElo "2032"]
[BlackElo "2194"]
[PlyCount "115"]
[EventDate "2009.11.12"]

1. e4 c5 2. Nf3 e6 3. c3 Nf6 4. d3 Nc6 5. Be2 d6 6. O-O Be7 7. Nbd2 e5 8. c4
O-O 9. h3 a6 10. Re1 b5 11. b3 Ne8 12. Nf1 f5 13. exf5 Bxf5 14. Ng3 Bg6 15. Nh2
Nd4 16. Bb2 Nxe2+ 17. Qxe2 Bh4 18. Nf3 Nc7 19. Ne4 Be7 20. Nc3 Ne6 21. Nd5 Nf4
22. Nxf4 Rxf4 23. Nd2 Qd7 24. Ne4 Raf8 25. Rf1 h6 26. Nc3 Rf3 27. gxf3 Qxh3 28.
f4 Rxf4 29. f3 Bxd3 30. Qg2 Bxf1 31. Rxf1 Qe6 32. Bc1 Rh4 33. cxb5 axb5 34. Rd1
Qf5 35. Ne4 Qe6 36. Be3 d5 37. Nxc5 Bxc5 38. Bxc5 d4 39. Bb4 e4 40. Be1 Rh5 41.
fxe4 Rg5 42. Bg3 h5 43. e5 Qg4 44. Rd3 h4 45. Qd5+ Kh7 46. Qxd4 Qh3 47. Qe4+
Rg6 48. a3 hxg3 49. Qh1 Qxh1+ 50. Kxh1 Ra6 51. Rd5 Rxa3 52. Rxb5 Ra2 53. Rb6
Re2 54. Rc6 Rb2 55. Rd6 Re2 56. e6 Kg6 57. b4 Kf6 58. b5 1/2-1/2

[Event "WORLD YOUTH CHESS CHAMPIONSHIP 2009 (14"]
[Site "?"]
[Date "2009.11.13"]
[Round "2.14"]
[White "Al-Tarbosh, Ward"]
[Black "Ly, Daniel"]
[Result "1-0"]
[WhiteElo "2187"]
[BlackElo "2024"]
[PlyCount "91"]
[EventDate "2009.11.12"]

1. Nf3 Nf6 2. b3 d5 3. Bb2 e6 4. e3 Be7 5. Ne5 Nbd7 6. f4 Nxe5 7. fxe5 Nd7 8.
Qf3 Nc5 9. Be2 O-O 10. Nc3 d4 11. Nb5 d3 12. cxd3 Nxd3+ 13. Bxd3 Qxd3 14. Nxc7
Rb8 15. Qe2 Qxe2+ 16. Kxe2 Bd7 17. a4 a6 18. Rhc1 Rbc8 19. Ba3 Bxa3 20. Rxa3
Bc6 21. Rxc6 bxc6 22. Nxa6 c5 23. d4 cxd4 24. exd4 Rc2+ 25. Kd3 Rxg2 26. Nc5
Rxh2 27. a5 h5 28. a6 h4 29. a7 Ra8 30. Nd7 h3 31. Nb6 Rxa7 32. Rxa7 Rh1 33.
Ra8+ Kh7 34. Ra2 g5 35. Nd7 Kg6 36. Nf6 h2 37. Rd2 Kf5 38. Rf2+ Kg6 39. Rd2 Kf5
40. Ne8 Kf4 41. b4 Rf1 42. Rxh2 Rf3+ 43. Kc4 Ke4 44. Rg2 Rf1 45. Rxg5 Rc1+ 46.
Kb5 1-0

[Event "WORLD YOUTH CHESS CHAMPIONSHIP 2009 (14"]
[Site "?"]
[Date "2009.11.13"]
[Round "2.15"]
[White "Stoyanov, Ivaylo"]
[Black "Tesik, Csaba"]
[Result "1-0"]
[WhiteElo "2031"]
[BlackElo "2185"]
[PlyCount "55"]
[EventDate "2009.11.12"]

1. e4 c5 2. Nf3 e6 3. d4 cxd4 4. Nxd4 a6 5. Bd3 Bc5 6. Nb3 Be7 7. O-O d6 8. c4
Nf6 9. Nc3 Nbd7 10. Be3 b6 11. f4 Bb7 12. Qe2 Qc7 13. Rae1 O-O 14. Bc1 g6 15.
Rf3 Rfd8 16. Rh3 Bf8 17. Qf2 Bg7 18. Qh4 Nf8 19. Rf1 d5 20. cxd5 exd5 21. e5
Ne4 22. Be3 Nc5 23. Bd4 Nxd3 24. Rxd3 Bc8 25. Qf2 Qc4 26. Rd2 b5 27. Na5 Qb4
28. Nc6 1-0

[Event "WORLD YOUTH CHESS CHAMPIONSHIP 2009 (14"]
[Site "?"]
[Date "2009.11.13"]
[Round "2.16"]
[White "Giroyan, Gary"]
[Black "Neumair, Jerome"]
[Result "1-0"]
[WhiteElo "2176"]
[BlackElo "2013"]
[PlyCount "57"]
[EventDate "2009.11.12"]

1. e4 e6 2. d4 d5 3. Nc3 Bb4 4. e5 c5 5. a3 Bxc3+ 6. bxc3 Qc7 7. Qg4 f5 8. Qg3
cxd4 9. cxd4 Ne7 10. Bd2 O-O 11. Bd3 b6 12. Ne2 Ba6 13. Nf4 Qd7 14. h4 Bxd3 15.
cxd3 Nbc6 16. Be3 Kh8 17. h5 Rfc8 18. Qg5 Ng8 19. Qh4 Nce7 20. f3 Rc2 21. g4
fxg4 22. fxg4 Qc6 23. O-O Rc8 24. Ng6+ Nxg6 25. hxg6 h6 26. g5 Qe8 27. Rf7 R8c7
28. Raf1 Qd8 29. gxh6 1-0

[Event "WORLD YOUTH CHESS CHAMPIONSHIP 2009 (14"]
[Site "?"]
[Date "2009.11.13"]
[Round "2.17"]
[White "Dashdorj, Bulgan"]
[Black "Kriebel, Tadeas"]
[Result "0-1"]
[WhiteElo "2013"]
[BlackElo "2173"]
[PlyCount "98"]
[EventDate "2009.11.12"]

1. e4 c5 2. Nf3 d6 3. d4 cxd4 4. Nxd4 Nf6 5. Nc3 a6 6. Be2 e6 7. Be3 Be7 8. Qd2
O-O 9. O-O-O Qc7 10. f4 b5 11. a3 Nbd7 12. Nb3 Rb8 13. g4 b4 14. axb4 Rxb4 15.
Bf3 Bb7 16. Qd3 Rc8 17. g5 Ne8 18. Kb1 Bxg5 19. Na2 Rc4 20. Nd2 Bf6 21. Nxc4
Qxc4 22. Rhf1 Qa4 23. Rd2 Nc5 24. Bxc5 Rxc5 25. Qb3 Qa5 26. c3 Bc6 27. Nc1 Bxc3
28. bxc3 Rb5 29. Rb2 Rxb3 30. Rxb3 Ba4 31. Rb4 Bb5 32. Rd1 Qc7 33. Kb2 g6 34.
Nb3 e5 35. c4 Bc6 36. fxe5 dxe5 37. Ra1 Bb7 38. c5 Nf6 39. Rc1 Bc6 40. Rcc4 Nd7
41. Bg4 a5 42. Bxd7 axb4 43. Bxc6 Qxc6 44. Rxb4 f5 45. Rb6 Qxe4 46. Kc3 f4 47.
Rb4 Qe1+ 48. Nd2 Qc1+ 49. Kd3 Qxc5 0-1

[Event "WORLD YOUTH CHESS CHAMPIONSHIP 2009 (14"]
[Site "?"]
[Date "2009.11.13"]
[Round "2.18"]
[White "Martinez Romero, Martin"]
[Black "Torres Rosas, Luis Carlos"]
[Result "1-0"]
[WhiteElo "2170"]
[BlackElo "2004"]
[PlyCount "87"]
[EventDate "2009.11.12"]

1. Nf3 Nf6 2. c4 g6 3. b3 Bg7 4. Bb2 O-O 5. g3 c5 6. Bg2 Nc6 7. O-O d6 8. d4
cxd4 9. Nxd4 Bd7 10. Nd2 Qa5 11. Nc2 Rfc8 12. b4 Qc7 13. a3 Rab8 14. Rc1 Nd8
15. Ne3 e6 16. Bxf6 Bxf6 17. Ng4 Bg7 18. Ne4 f5 19. Ngf6+ Bxf6 20. Nxf6+ Kh8
21. c5 d5 22. Qd4 Nc6 23. Qa1 d4 24. b5 Ne5 25. Qxd4 Bxb5 26. f4 Nc6 27. Bxc6
Bxc6 28. Nd7+ Kg8 29. Nxb8 Rxb8 30. Rfd1 Qg7 31. Qxg7+ Kxg7 32. Rd6 Kf7 33. Kf2
Ke7 34. Ke3 Rc8 35. Kd4 Rc7 36. Rc3 Rc8 37. h3 Bd5 38. Re3 Be4 39. Rc3 Rc7 40.
Ke5 Bd5 41. g4 Rc8 42. gxf5 gxf5 43. Rg3 Bc4 44. Rg7+ 1-0

[Event "WORLD YOUTH CHESS CHAMPIONSHIP 2009 (14"]
[Site "?"]
[Date "2009.11.13"]
[Round "2.19"]
[White "Finney, Stuart"]
[Black "Nikologorskiy, Konstantin"]
[Result "1/2-1/2"]
[WhiteElo "2007"]
[BlackElo "2164"]
[PlyCount "117"]
[EventDate "2009.11.12"]

1. e4 c5 2. Nf3 d6 3. d4 cxd4 4. Nxd4 Nf6 5. Nc3 a6 6. Be3 e5 7. Nb3 Be6 8. f3
Be7 9. Qd2 Nbd7 10. O-O-O Rc8 11. g4 b5 12. g5 Nh5 13. Kb1 Nb6 14. Qf2 Nc4 15.
Bxc4 Rxc4 16. Bb6 Qd7 17. h4 Nf4 18. Nd5 Nxd5 19. exd5 Bf5 20. Rd2 h6 21. Rg1
hxg5 22. hxg5 Rhh4 23. Be3 Bd8 24. f4 e4 25. Nd4 Ba5 26. Rdd1 Rh3 27. Rh1 g6
28. Rxh3 Bxh3 29. Qh4 Qg4 30. Qh8+ Kd7 31. Rg1 Qh5 32. Qg8 Ke7 33. Nc6+ Rxc6
34. dxc6 Qe2 35. Bd4 Bf1 36. Bf6+ Ke6 37. Qe8+ Kd5 38. Qxf7+ Kxc6 39. Qe8+ Kd5
40. Qa8+ Ke6 41. Qg8+ Kd7 42. Qf7+ Kc6 43. Qe8+ Kd5 44. Qa8+ Ke6 45. Qc8+ Kd5
46. Qb7+ Kc5 47. b3 Bd2 48. Qc7+ Kd5 49. c4+ bxc4 50. bxc4+ Qxc4 51. Qxc4+ Bxc4
52. f5 Bd3+ 53. Kb2 e3 54. fxg6 Bxg6 55. Bc3 Kc4 56. Rg4+ Kc5 57. Rg2 Be4 58.
Bxd2 exd2 59. Rxd2 1/2-1/2

[Event "WORLD YOUTH CHESS CHAMPIONSHIP 2009 (14"]
[Site "?"]
[Date "2009.11.13"]
[Round "2.20"]
[White "Mindlin, Alon"]
[Black "Ynojosa, Felix Jose"]
[Result "1/2-1/2"]
[WhiteElo "2001"]
[BlackElo "2156"]
[PlyCount "73"]
[EventDate "2009.11.12"]

1. d4 Nf6 2. c4 g6 3. Nc3 Bg7 4. e4 d6 5. f3 O-O 6. Be3 c5 7. Nge2 Nc6 8. d5
Ne5 9. Ng3 e6 10. Be2 exd5 11. cxd5 a6 12. a4 Bd7 13. O-O Rb8 14. Bg5 c4 15. a5
Qc7 16. Be3 Nh5 17. Nxh5 gxh5 18. f4 Ng4 19. Bb6 Qc8 20. h3 Nh6 21. Bxh5 f5 22.
Ba7 fxe4 23. Bxb8 Qxb8 24. Qc2 Nf5 25. Bg4 Qa7+ 26. Kh2 Ne3 27. Qxe4 Bxg4 28.
Rfe1 Bd4 29. hxg4 Nxg4+ 30. Kg3 Nf6 31. Qe6+ Kh8 32. Kf3 b5 33. axb6 Qg7 34. g4
Rg8 35. g5 Qg6 36. Ne4 Re8 37. Nxf6 1/2-1/2

[Event "WORLD YOUTH CHESS CHAMPIONSHIP 2009 (14"]
[Site "?"]
[Date "2009.11.13"]
[Round "2.21"]
[White "Kaphle, Sebastian"]
[Black "Zhang, David"]
[Result "1/2-1/2"]
[WhiteElo "2152"]
[BlackElo "1998"]
[PlyCount "90"]
[EventDate "2009.11.12"]

1. e4 c6 2. Nf3 d5 3. exd5 cxd5 4. Ne5 Nf6 5. d4 e6 6. Bb5+ Bd7 7. Nxd7 Nbxd7
8. O-O Bd6 9. c3 O-O 10. Nd2 Rc8 11. Bd3 Qc7 12. g3 e5 13. dxe5 Nxe5 14. Bf5
Rcd8 15. Nf3 Nxf3+ 16. Qxf3 Rfe8 17. Be3 Qc6 18. Rad1 Qc4 19. Bb1 b6 20. Bg5
Qe2 21. Qxe2 Rxe2 22. Bxf6 gxf6 23. Rxd5 Be7 24. Rxd8+ Bxd8 25. b3 Bc7 26. Rd1
Be5 27. c4 Rb2 28. Kg2 Bc3 29. g4 h6 30. Kg3 Re2 31. Rd3 Be1 32. Rf3 Rb2 33.
Be4 Kg7 34. a4 a5 35. Bd5 Re2 36. h4 Rb2 37. Kg2 Bb4 38. g5 hxg5 39. hxg5 fxg5
40. Rxf7+ Kg6 41. Rf3 Bc5 42. Be4+ Kg7 43. Kg3 Bd6+ 44. Kg4 Bc5 45. Kg3 Bd6+
1/2-1/2

[Event "WORLD YOUTH CHESS CHAMPIONSHIP 2009 (14"]
[Site "?"]
[Date "2009.11.13"]
[Round "2.23"]
[White "Lukovic, Vladimir"]
[Black "Nihal, Manjunath"]
[Result "1/2-1/2"]
[WhiteElo "2122"]
[BlackElo "1988"]
[PlyCount "35"]
[EventDate "2009.11.12"]

1. e4 c5 2. Nf3 a6 3. c4 Nc6 4. d4 cxd4 5. Nxd4 e6 6. Nxc6 bxc6 7. Bd3 Nf6 8.
O-O d6 9. Nc3 Be7 10. Be3 e5 11. h3 Be6 12. Qa4 Qd7 13. Rfd1 O-O 14. Rf1 Qb7
15. Bg5 Qxb2 16. Rab1 Qxc3 17. Rbc1 Qb2 18. Rb1 1/2-1/2

[Event "WORLD YOUTH CHESS CHAMPIONSHIP 2009 (14"]
[Site "?"]
[Date "2009.11.13"]
[Round "2.24"]
[White "Guseynov, Alihan"]
[Black "Yuksel, Atilla Koksal"]
[Result "1-0"]
[WhiteElo "2106"]
[BlackElo "1976"]
[PlyCount "55"]
[EventDate "2009.11.12"]

1. Nf3 d5 2. c4 e6 3. b3 Nf6 4. Bb2 Be7 5. g3 b6 6. Bg2 Bb7 7. cxd5 exd5 8. O-O
O-O 9. d3 Nbd7 10. Nbd2 Re8 11. Re1 Bd6 12. Qc2 c5 13. e4 d4 14. Nc4 Bf8 15. a4
a6 16. b4 cxb4 17. Nxd4 Nc5 18. a5 Nfd7 19. Nf5 g6 20. Nfd6 b5 21. Nxb7 Nxb7
22. Ne3 Rc8 23. Qe2 b3 24. Ba3 Rc6 25. Nd5 Ne5 26. Rac1 Rxc1 27. Rxc1 Bg7 28.
Rc8 1-0

[Event "WORLD YOUTH CHESS CHAMPIONSHIP 2009 (14"]
[Site "?"]
[Date "2009.11.13"]
[Round "2.25"]
[White "Ebeling, Daniel"]
[Black "Flermoen, Peter"]
[Result "1/2-1/2"]
[WhiteElo "1978"]
[BlackElo "2100"]
[PlyCount "57"]
[EventDate "2009.11.12"]

1. e4 c5 2. c3 Nf6 3. e5 Nd5 4. d4 cxd4 5. Nf3 Nc6 6. Bc4 Nb6 7. Bb3 d5 8. exd6
Qxd6 9. Na3 Be6 10. Nb5 Qd7 11. Nbxd4 Bxb3 12. Qxb3 Nxd4 13. Nxd4 g6 14. O-O
Bg7 15. Nf3 O-O 16. Be3 Qc7 17. Bxb6 axb6 18. Rfd1 e5 19. Nd2 Rac8 20. Nf1 Bh6
21. Rd5 Rfe8 22. Rad1 Re6 23. Rd7 Qc6 24. Qd5 Ra8 25. a3 Rb8 26. Ng3 e4 27. Nf1
b5 28. Ne3 Bf4 29. Nc2 1/2-1/2

[Event "WORLD YOUTH CHESS CHAMPIONSHIP 2009 (14"]
[Site "?"]
[Date "2009.11.13"]
[Round "2.26"]
[White "Georgiadis, Nico"]
[Black "Melnik, Igor"]
[Result "1-0"]
[WhiteElo "2098"]
[BlackElo "1969"]
[PlyCount "98"]
[EventDate "2009.11.12"]

1. e4 d6 2. d4 Nf6 3. Nc3 g6 4. Bg5 Bg7 5. Qd2 h6 6. Bh4 g5 7. Bg3 Nh5 8. Bc4
O-O 9. Nge2 Kh8 10. f3 a6 11. Bf2 b5 12. Bb3 b4 13. Nd1 e5 14. dxe5 Bxe5 15. h4
Nf4 16. g3 Nxe2 17. Kxe2 Kg7 18. hxg5 hxg5 19. Be3 f6 20. f4 Bg4+ 21. Kf1 Rh8
22. Rxh8 Qxh8 23. Nf2 Nd7 24. Nxg4 Qh3+ 25. Qg2 Qxg4 26. fxe5 Nxe5 27. c3 Rh8
28. Bd1 Qe6 29. Be2 Nc4 30. Bxc4 Qxc4+ 31. Kf2 bxc3 32. bxc3 Qxc3 33. Rc1 Qe5
34. Rxc7+ Kg6 35. Rc2 Re8 36. Qf3 Qxe4 37. Qxe4+ Rxe4 38. Rc6 Ra4 39. Rxd6
Rxa2+ 40. Kf3 Kf5 41. g4+ Ke5 42. Rc6 Ra5 43. Bd2 Ra3+ 44. Be3 Ra5 45. Bd2 Ra3+
46. Be3 Kd5 47. Rc8 a5 48. Ke2 Ra4 49. Bd2 Ra1 1-0

[Event "WORLD YOUTH CHESS CHAMPIONSHIP 2009 (14"]
[Site "?"]
[Date "2009.11.13"]
[Round "2.27"]
[White "Studer, Noel"]
[Black "Yuan, Yi"]
[Result "0-1"]
[WhiteElo "1974"]
[BlackElo "2097"]
[PlyCount "72"]
[EventDate "2009.11.12"]

1. e4 e5 2. Nf3 Nc6 3. Bb5 a6 4. Ba4 Nf6 5. O-O Nxe4 6. Re1 Nc5 7. Nxe5 Nxe5 8.
Rxe5+ Be7 9. Nc3 O-O 10. Bb3 d6 11. Re1 Nxb3 12. axb3 f5 13. Qe2 Bg5 14. d4 f4
15. d5 f3 16. gxf3 Bxc1 17. Raxc1 Qg5+ 18. Kh1 Bh3 19. Rg1 Bg2+ 20. Rxg2 Qxc1+
21. Rg1 Qf4 22. Rg3 Rae8 23. Ne4 h5 24. Kg2 h4 25. Rg4 h3+ 26. Kxh3 Qxf3+ 27.
Qxf3 Rxf3+ 28. Rg3 Rxg3+ 29. Nxg3 Re1 30. Kg2 Rc1 31. c3 Rc2 32. Nf5 Rxb2 33.
Nd4 a5 34. Kf3 b5 35. Ke4 a4 36. Nxb5 Rxb3 0-1

[Event "WORLD YOUTH CHESS CHAMPIONSHIP 2009 (14"]
[Site "?"]
[Date "2009.11.13"]
[Round "2.29"]
[White "Benavente Vazquez, Juan Jose"]
[Black "Berbatov, Kiprian"]
[Result "0-1"]
[WhiteElo "1947"]
[BlackElo "2463"]
[PlyCount "80"]
[EventDate "2009.11.12"]

1. d4 Nf6 2. c4 g6 3. Nf3 Bg7 4. g3 O-O 5. Bg2 d6 6. O-O Nbd7 7. Nc3 e5 8. e4
c6 9. h3 Re8 10. Re1 exd4 11. Nxd4 Qb6 12. Nb3 Ne5 13. Be3 c5 14. Qe2 Be6 15.
Nd5 Bxd5 16. cxd5 Qc7 17. Nd2 c4 18. Rec1 b5 19. a4 a6 20. Bd4 Qb7 21. axb5
axb5 22. Rxa8 Qxa8 23. Bxe5 Rxe5 24. b3 c3 25. Nf1 b4 26. Qc4 Qb7 27. Ne3 Bh6
28. f4 Qb6 29. Re1 Nxd5 30. fxe5 Nxe3 31. Qc8+ Kg7 32. e6 Nc2+ 33. Kh2 Nxe1 34.
e7 Qb5 35. Bf1 Qe5 36. e8=Q Qxe8 37. Qxe8 c2 38. Bc4 Nf3+ 39. Kg2 Ne5 40. Qe7
c1=Q 0-1